[Event "53rd Groningen Open 2015"]
[Site "Groningen NED"]
[Date "2015.12.22"]
[Round "2.13"]
[White "Maris, Ivo"]
[Black "Kokje, Joris"]
[Result "1/2-1/2"]
[WhiteTitle "FM"]
[WhiteElo "2352"]
[BlackElo "1975"]
[WhiteFideId "1028146"]
[BlackFideId "1051024"]
[EventDate "2015.12.21"]

1. d4 f5 2. Nf3 Nf6 3. g3 e6 4. Bg2 Be7 5. O-O O-O 6. c4 d6 7. Nc3 Qe8 8. Re1
Ne4 9. Nxe4 fxe4 10. Nd2 d5 11. f3 Bf6 12. e3 exf3 13. Nxf3 Nc6 14. e4 dxe4 15.
Rxe4 e5 16. Nxe5 Bf5 17. Re1 Nxe5 18. dxe5 Be7 19. Bxb7 Rd8 20. Bd5+ Kh8 21. Qe2
c6 22. Bg2 Bc5+ 23. Be3 Bd3 24. Qxd3 Rxd3 25. Bxc5 Rf5 26. Bd6 Rd2 27. Rad1 Rxd1
28. Rxd1 Qh5 29. Re1 Qg5 30. c5 Qd2 31. Rf1 Qe3+ 32. Kh1 Rxf1+ 33. Bxf1 h5 34.
h3 Qxg3 35. Bg2 Qe1+ 36. Kh2 g5 37. e6 Qxe6 38. Bxc6 Kg7 39. Bg2 Kf6 40. b4 h4
41. b5 Kf5 42. Bc7 Qe3 43. Bd6 g4 44. hxg4+ Kxg4 45. c6 Qd3 46. Bb8 Qxb5 47.
Bh3+ Kf3 48. Bg2+ 1/2-1/2

[Event "53rd Groningen Open 2015"]
[Site "Groningen NED"]
[Date "2015.12.22"]
[Round "2.14"]
[White "Yaaqoub, Rashid"]
[Black "Baskin, Robert"]
[Result "0-1"]
[WhiteTitle "FM"]
[BlackTitle "FM"]
[WhiteElo "2175"]
[BlackElo "2351"]
[WhiteFideId "12200336"]
[BlackFideId "24662402"]
[EventDate "2015.12.21"]

1. d4 Nf6 2. c4 g6 3. Nf3 Bg7 4. g3 O-O 5. Bg2 d6 6. O-O c6 7. Nc3 Qb6 8. Qc2
Bf5 9. Qd2 Ne4 10. Qf4 e5 11. dxe5 dxe5 12. Qh4 Nxc3 13. bxc3 f6 14. Bh3 Bxh3
15. Qxh3 Na6 16. Ba3 Rfe8 17. Rab1 Qa5 18. Bd6 Rad8 19. c5 b6 20. Qh4 Qxa2 21.
Qe4 Qd5 22. Qa4 Nxc5 23. Bxc5 Qxc5 24. Qxa7 e4 25. Nd4 e3 26. Rxb6 Re7 27. Qa2+
Kh8 28. Rxc6 exf2+ 29. Rxf2 Qe5 30. Qc4 f5 31. Ne6 Rde8 32. Ng5 Bh6 33. Re6 Qg7
34. Rxe7 Rxe7 35. Qc8+ Qg8 36. Qxg8+ Kxg8 37. h4 Re3 38. Rf3 Rxe2 39. Kf1 Rc2
40. Ne6 Bd2 41. Rd3 Bxc3 42. Rd8+ Kf7 43. Ng5+ Ke7 44. Rc8 h6 45. Nf3 Rc1+ 46.
Ke2 Bb2 47. Rb8 Rc2+ 48. Ke3 Rg2 49. Rb7+ Kf6 50. Rb6+ Kg7 51. Rb7+ Kg8 52. Kf4
Re2 53. Ng1 Re4+ 54. Kf3 Be5 55. Nh3 Rg4 56. Ng1 Rxg3+ 57. Kf2 Ra3 58. Nf3 Bf4
59. Ke2 Re3+ 60. Kf2 Re6 61. Kg2 h5 62. Nd4 Rd6 63. Nb5 Rd3 64. Na7 Bg3 65. Rb6
Kg7 66. Rb7+ Kh6 67. Nc6 Bxh4 68. Ne5 Rg3+ 69. Kh2 Rc3 0-1

[Event "53rd Groningen Open 2015"]
[Site "Groningen NED"]
[Date "2015.12.22"]
[Round "2.15"]
[White "Drozdowski, Konrad"]
[Black "De Jong, Migchiel"]
[Result "0-1"]
[BlackTitle "IM"]
[WhiteElo "1987"]
[BlackElo "2336"]
[WhiteFideId "1106279"]
[BlackFideId "1002848"]
[EventDate "2015.12.21"]

1. e4 d6 2. d4 Nf6 3. Nc3 c6 4. Nf3 Bg4 5. Be2 e6 6. O-O Be7 7. a4 d5 8. exd5
cxd5 9. Ne5 Bxe2 10. Qxe2 O-O 11. Rd1 Nfd7 12. Bf4 Nc6 13. Nxd7 Qxd7 14. Rd3
Rfc8 15. Rad1 Bf6 16. Na2 Ne7 17. b3 Ng6 18. Bg3 Qc6 19. Rc3 Qb6 20. Qd3 h5 21.
h3 h4 22. Bh2 Ne7 23. Rxc8+ Rxc8 24. Nc1 Qc6 25. Rd2 Bg5 26. f4 Bf6 27. Ne2 Nf5
28. c3 a6 29. Rc2 b5 30. axb5 axb5 31. Ra2 b4 32. cxb4 Qb6 33. Qa6 Bxd4+ 34. Kh1
Qxa6 35. Rxa6 Be3 36. Ra2 d4 37. Bg1 d3 38. Bxe3 dxe2 39. Bd2 Rc1+ 0-1

[Event "53rd Groningen Open 2015"]
[Site "Groningen NED"]
[Date "2015.12.22"]
[Round "2.16"]
[White "Esserman, Marc"]
[Black "Vrolijk, Liam"]
[Result "0-1"]
[WhiteTitle "IM"]
[WhiteElo "2411"]
[BlackElo "2094"]
[WhiteFideId "2018616"]
[BlackFideId "1048333"]
[EventDate "2015.12.21"]

1. e4 g6 2. d4 Bg7 3. Nc3 d6 4. Be3 a6 5. Qd2 b5 6. a4 b4 7. Na2 a5 8. c3 bxc3
9. bxc3 Nf6 10. f3 Nbd7 11. Bb5 O-O 12. h4 e5 13. d5 Nc5 14. Bxc5 dxc5 15. Ne2
Ne8 16. Nac1 Nd6 17. Nd3 c4 18. Nb2 Nxb5 19. axb5 Bd7 20. Nxc4 Bxb5 21. Na3 Bd7
22. h5 Qe7 23. hxg6 fxg6 24. Qe3 Rfb8 25. O-O Bf8 26. Nc4 Qc5 27. Qxc5 Bxc5+ 28.
Kh1 Bb5 29. Nxe5 Bxe2 30. Rfe1 Bb5 31. f4 Bd6 32. g3 a4 33. Ng4 Bc4 34. Rad1 Bb3
35. Rd2 a3 36. e5 a2 37. Ra1 Bxd5+ 38. Kh2 Rb1 39. Nf6+ Kf7 40. Nxd5 Rxa1 41.
exd6 Rh1+ 0-1

[Event "53rd Groningen Open 2015"]
[Site "Groningen NED"]
[Date "2015.12.22"]
[Round "2.17"]
[White "Hommes, Elmar"]
[Black "Kuipers, Stefan"]
[Result "0-1"]
[BlackTitle "IM"]
[WhiteElo "2078"]
[BlackElo "2398"]
[WhiteFideId "1017136"]
[BlackFideId "1018400"]
[EventDate "2015.12.21"]

1. Nf3 d5 2. d4 Nf6 3. c4 c6 4. Qc2 dxc4 5. Qxc4 Bg4 6. Nbd2 Nbd7 7. g3 e6 8.
Bg2 Be7 9. O-O O-O 10. h3 Bf5 11. e3 h6 12. Rd1 Qc7 13. b3 a5 14. a3 e5 15. Bb2
e4 16. Ne5 Bd6 17. Nxd7 Qxd7 18. Qf1 Rfe8 19. Rac1 Nd5 20. Nc4 Bc7 21. Kh2 Qe7
22. Ne5 f6 23. Nc4 h5 24. Kg1 Qd7 25. Re1 h4 26. g4 Bg6 27. f4 exf3 28. Qxf3 Be4
29. Qe2 Bg3 30. Rf1 b5 31. Ne5 Bxe5 32. Bxe4 Bh2+ 33. Kxh2 Rxe4 34. Rf3 Rae8 35.
Re1 Qd6+ 36. Kg1 Rxe3 37. Rxe3 Rxe3 38. Qf2 Rxh3 0-1

[Event "53rd Groningen Open 2015"]
[Site "Groningen NED"]
[Date "2015.12.22"]
[Round "2.18"]
[White "Kevlishvili, Robby"]
[Black "Veltman, Anne"]
[Result "1-0"]
[WhiteTitle "FM"]
[WhiteElo "2351"]
[BlackElo "2032"]
[WhiteFideId "1040634"]
[BlackFideId "1026917"]
[EventDate "2015.12.21"]

1. e4 e6 2. d4 d5 3. Nd2 Nc6 4. Ngf3 Nf6 5. e5 Nd7 6. c3 f6 7. Bb5 fxe5 8. dxe5
Be7 9. Nd4 Ndxe5 10. f4 a6 11. Qh5+ Kd7 12. Bxc6+ Nxc6 13. N2f3 Qe8 14. Qh3 Bf6
15. O-O b6 16. Re1 Nxd4 17. cxd4 Kc6 18. f5 Kb7 19. fxe6 Qe7 20. Bf4 Re8 21.
Rac1 c5 22. dxc5 Bxe6 23. c6+ Ka7 24. Qg3 Qb4 25. Bd2 1-0

[Event "53rd Groningen Open 2015"]
[Site "Groningen NED"]
[Date "2015.12.22"]
[Round "2.19"]
[White "Ratsma, Midas"]
[Black "Warmerdam, Max"]
[Result "1-0"]
[BlackTitle "FM"]
[WhiteElo "2131"]
[BlackElo "2335"]
[WhiteFideId "1032283"]
[BlackFideId "1048104"]
[EventDate "2015.12.21"]

1. d4 Nf6 2. c4 g6 3. Nc3 Bg7 4. e4 d6 5. Be2 O-O 6. Nf3 e5 7. dxe5 dxe5 8. O-O
Nbd7 9. b4 c6 10. Ba3 Re8 11. Qb3 Nh5 12. g3 Nf8 13. Rfd1 Qf6 14. b5 Bg4 15. Ne1
Bxe2 16. Nxe2 Ne6 17. Nf3 Rad8 18. Kg2 Ng5 19. Nxg5 Qxg5 20. Rxd8 Rxd8 21. Rd1
Bf8 22. Bxf8 Rxd1 23. Qxd1 Kxf8 24. bxc6 bxc6 25. Qd6+ Kg7 26. Qxc6 Qd2 27. Ng1
Nf6 28. Qc5 Qc2 29. Nf3 Qxe4 30. Qxa7 Qc6 31. a4 Nd7 32. a5 Nc5 33. Qb6 Qxb6 34.
axb6 Kf6 35. Nd2 Ke7 36. Nb3 Ne6 37. b7 1-0

[Event "53rd Groningen Open 2015"]
[Site "Groningen NED"]
[Date "2015.12.22"]
[Round "2.20"]
[White "Sand, Rolf"]
[Black "Pajeken, Wolfgang"]
[Result "0-1"]
[BlackTitle "FM"]
[WhiteElo "2033"]
[BlackElo "2304"]
[WhiteFideId "4610334"]
[BlackFideId "4622170"]
[EventDate "2015.12.21"]

1. c4 g6 2. g3 Bg7 3. Bg2 Nf6 4. Nc3 O-O 5. e4 c5 6. Nge2 Nc6 7. d3 d6 8. O-O
Rb8 9. h3 a6 10. a4 Ne8 11. Be3 Nc7 12. d4 cxd4 13. Nxd4 Ne6 14. Nde2 Nc5 15.
Rb1 Nb4 16. Nd5 Nxd5 17. cxd5 Bd7 18. b3 b5 19. axb5 Bxb5 20. Bxc5 dxc5 21. Qd2
e6 22. Rfc1 exd5 23. exd5 Re8 24. Nc3 Qa5 25. Rc2 Bd7 26. Ne4 Qxd2 27. Rxd2 c4
28. b4 a5 29. b5 Rxb5 30. Rc1 Rb4 31. Rdc2 Bf5 32. Nd6 Bxc2 33. Nxe8 Ba4 34.
Nxg7 Kxg7 35. d6 Kf6 36. Bd5 Bb5 37. f4 a4 38. g4 a3 39. g5+ Kf5 40. Bxc4 Rxc4 0-1

[Event "53rd Groningen Open 2015"]
[Site "Groningen NED"]
[Date "2015.12.22"]
[Round "2.21"]
[White "Willemsma, Abe"]
[Black "Bezemer, Arno"]
[Result "1/2-1/2"]
[BlackTitle "FM"]
[WhiteElo "2067"]
[BlackElo "2287"]
[WhiteFideId "1011561"]
[BlackFideId "1001396"]
[EventDate "2015.12.21"]

1. d4 Nf6 2. c4 g6 3. Nf3 Bg7 4. Nc3 d5 5. Bg5 dxc4 6. e4 Bg4 7. e5 Nd5 8. Bxc4
Nb6 9. Be2 Nc6 10. Be3 O-O 11. h3 Be6 12. O-O f6 13. exf6 exf6 14. Re1 Kh8 15.
Bb5 Ne7 16. Na4 Nxa4 17. Bxa4 Bd5 18. Bb3 Nf5 19. Rc1 c6 20. Bxd5 Qxd5 21. b3
Rfe8 22. Qd3 Rad8 23. Qc4 Bf8 24. Rcd1 c5 25. Qxd5 Rxd5 26. g4 Nxd4 27. Bxd4
Rxe1+ 28. Nxe1 cxd4 29. Kg2 Bb4 30. Nd3 Bc3 31. Rc1 Kg7 32. Rc2 Kf7 33. Kf3 Rd6
34. Re2 Re6 35. Rxe6 Kxe6 36. Nf4+ Ke5 37. Nd3+ Kd5 38. Nf4+ Ke5 39. Nd3+ Kd5 1/2-1/2

[Event "53rd Groningen Open 2015"]
[Site "Groningen NED"]
[Date "2015.12.22"]
[Round "2.22"]
[White "Saravanan, V."]
[Black "Bollen, Guus"]
[Result "1-0"]
[WhiteTitle "IM"]
[WhiteElo "2283"]
[BlackElo "2135"]
[WhiteFideId "5000580"]
[BlackFideId "1027883"]
[EventDate "2015.12.21"]

1. e4 d6 2. d4 Nf6 3. f3 Nbd7 4. c4 e5 5. Ne2 Be7 6. Be3 c6 7. Nbc3 a6 8. Ng3 g6
9. Be2 O-O 10. O-O Re8 11. Qd2 b5 12. f4 exd4 13. Bxd4 b4 14. Nd1 c5 15. Be3 Bf8
16. Nf2 Bb7 17. Bf3 Qc7 18. Rae1 a5 19. b3 a4 20. Qc2 Ra6 21. Bc1 Bg7 22. Nd3
Nf8 23. e5 dxe5 24. fxe5 N6d7 25. Bxb7 Qxb7 26. Qf2 f5 27. exf6 Rxf6 28. Rxe8
Rxf2 29. Rxf2 axb3 30. axb3 Nf6 31. Ree2 Ng4 32. Rf3 Bd4+ 33. Kh1 Qd7 34. h3 Nf6
35. Nxc5 Bxc5 36. Rxf6 Kg7 37. Bb2 Bd4 38. Bxd4 Qxd4 39. Rf3 Nd7 40. Kh2 Qd6 41.
Rfe3 Nc5 42. Re7+ Kf6 43. Rxh7 Nxb3 44. h4 Nc5 45. h5 Qf4 46. hxg6 Kxg6 47. Ree7
Ne6 48. Rh8 Qxc4 49. Reh7 Qf4 50. Rh4 Qd6 51. R8h6+ Kf7 52. Rh7+ Kg8 53. Rb7 Nf4
54. Nf5 1-0

[Event "53rd Groningen Open 2015"]
[Site "Groningen NED"]
[Date "2015.12.22"]
[Round "2.23"]
[White "Van Meegen, Ruud"]
[Black "Pruijssers, Roeland"]
[Result "0-1"]
[BlackTitle "GM"]
[WhiteElo "2111"]
[BlackElo "2489"]
[WhiteFideId "1034995"]
[BlackFideId "1013068"]
[EventDate "2015.12.21"]

1. e4 e5 2. Nf3 Nc6 3. Bc4 Bc5 4. c3 Nf6 5. d3 d6 6. Bb3 h6 7. O-O O-O 8. h3 Re8
9. Re1 Be6 10. Nbd2 a6 11. Nf1 d5 12. Qe2 Qd7 13. Bc2 b5 14. Ne3 d4 15. Nf1 a5
16. a4 dxc3 17. axb5 Nd4 18. Nxd4 Bxd4 19. Ba4 Qd6 20. Ne3 Qb4 21. Nd1 cxb2 22.
Bxb2 Bd7 23. Bxd4 exd4 24. Nb2 Nd5 25. Nc4 Nc3 26. Qc2 Bxb5 27. Bxb5 Qxb5 28.
Ra3 a4 29. Rea1 Reb8 30. Kh1 Qc5 31. Nb2 Rb4 32. Kh2 Nxe4 33. Qe2 Nc3 34. Qf3
Qe5+ 35. g3 Ra6 36. Nc4 Qe7 37. Qf5 Rf6 38. Qc8+ Kh7 39. Rf1 Rxc4 0-1

[Event "53rd Groningen Open 2015"]
[Site "Groningen NED"]
[Date "2015.12.22"]
[Round "2.24"]
[White "Van Osch, Mees"]
[Black "Halfhide, Sebastian"]
[Result "1-0"]
[WhiteElo "2289"]
[BlackElo "2119"]
[WhiteFideId "1035967"]
[BlackFideId "1045946"]
[EventDate "2015.12.21"]

1. Nf3 c5 2. e4 e6 3. d4 cxd4 4. Nxd4 Nc6 5. Nc3 Qc7 6. f4 a6 7. Nxc6 bxc6 8.
Bd3 d5 9. O-O Nf6 10. Bd2 Be7 11. Qe2 Bb7 12. Rae1 Nd7 13. Rf3 Nc5 14. f5 d4 15.
Nd1 e5 16. Bc4 Nd7 17. Rg3 Bh4 18. Rxg7 Bxe1 19. Bxf7+ Kd8 20. Qxe1 Nb6 21. Bg5+
Kc8 22. Be6+ Nd7 23. Rxd7 Qxd7 24. Bxd7+ Kxd7 25. Qb4 1-0

[Event "53rd Groningen Open 2015"]
[Site "Groningen NED"]
[Date "2015.12.22"]
[Round "2.25"]
[White "Pajeken, Jakob Leon"]
[Black "Den Hartog, Marijn"]
[Result "0-1"]
[WhiteElo "2101"]
[BlackElo "2197"]
[WhiteFideId "12942839"]
[BlackFideId "1046098"]
[EventDate "2015.12.21"]

1. e4 e6 2. d4 d5 3. Nc3 Nf6 4. e5 Nfd7 5. f4 c5 6. Nf3 Nc6 7. Be3 Be7 8. a3 a6
9. Qd2 b5 10. Be2 O-O 11. O-O Bb7 12. Nd1 Na5 13. b3 Qc7 14. Nf2 cxd4 15. Bxd4
Rac8 16. Bd3 Nc6 17. Be3 Nc5 18. Bxc5 Bxc5 19. Ng5 h6 20. h4 Kh8 0-1

[Event "53rd Groningen Open 2015"]
[Site "Groningen NED"]
[Date "2015.12.22"]
[Round "2.26"]
[White "Al-Hajiri, Bader"]
[Black "Sparenberg, Erik"]
[Result "1/2-1/2"]
[WhiteTitle "CM"]
[WhiteElo "2183"]
[BlackElo "2110"]
[WhiteFideId "10300163"]
[BlackFideId "1013262"]
[EventDate "2015.12.21"]

1. e4 e5 2. Nf3 Nc6 3. Bc4 Nf6 4. Ng5 Bc5 5. Nxf7 Bxf2+ 6. Kf1 Qe7 7. Nxh8 d5 8.
exd5 Nd4 9. c3 Bg4 10. Qa4+ Nd7 11. Kxf2 Qh4+ 12. g3 Qf6+ 13. Ke1 Nf3+ 14. Kd1
Nd4+ 15. Ke1 Nf3+ 1/2-1/2

[Event "53rd Groningen Open 2015"]
[Site "Groningen NED"]
[Date "2015.12.22"]
[Round "2.27"]
[White "Keetman, Maaike"]
[Black "Theulings, Paul-Peter"]
[Result "1/2-1/2"]
[BlackTitle "CM"]
[WhiteElo "2087"]
[BlackElo "2182"]
[WhiteFideId "1033697"]
[BlackFideId "1002899"]
[EventDate "2015.12.21"]

1. e4 Nf6 2. e5 Nd5 3. d4 d6 4. Nf3 Nc6 5. c4 Nb6 6. e6 fxe6 7. Nc3 g6 8. h4 Bg7
9. Be3 e5 10. d5 Nd4 11. Nxd4 exd4 12. Bxd4 Bxd4 13. Qxd4 e5 14. dxe6 O-O 15. h5
Qf6 16. Qxf6 Rxf6 17. hxg6 hxg6 18. e7 Re6+ 19. Kd2 Rxe7 20. Bd3 Bf5 21. Rh6 Rf8
22. f3 Rh7 23. Rxh7 Kxh7 24. Re1 Rf7 25. b3 Bxd3 26. Kxd3 Nd7 27. Re8 Kg7 28.
Nb5 a6 29. Nd4 Nc5+ 30. Kc3 a5 31. Ra8 Re7 32. Rxa5 Re3+ 33. Kc2 Re1 34. b4 Na6
35. Rb5 b6 36. a3 Ra1 37. Kb2 Rd1 38. Kc3 Ra1 39. a4 Rxa4 40. Nc2 Nb8 41. Kb3
Ra8 42. Nd4 Na6 43. Kc3 1/2-1/2

[Event "53rd Groningen Open 2015"]
[Site "Groningen NED"]
[Date "2015.12.22"]
[Round "2.28"]
[White "Heemskerk, Wim"]
[Black "Boersma, Jan"]
[Result "1-0"]
[WhiteTitle "FM"]
[WhiteElo "2181"]
[BlackElo "2083"]
[WhiteFideId "1001000"]
[BlackFideId "1003267"]
[EventDate "2015.12.21"]

1. Nf3 Nf6 2. c4 g6 3. g3 Bg7 4. Bg2 O-O 5. O-O c5 6. d4 cxd4 7. Nxd4 Nc6 8. Nc3
Qa5 9. Nb3 Qh5 10. Nd5 d6 11. Nf4 Qe5 12. Re1 Bg4 13. h3 Bd7 14. e4 Rfc8 15. Nd5
Rab8 16. c5 Be8 17. f4 Qe6 18. cxd6 exd6 19. Bd2 Ne7 20. Nxe7+ Qxe7 21. Bb4 Rd8
22. e5 Nh5 23. Bxd6 Qe6 24. Nc5 Qc8 25. Ne4 Bc6 26. Qb3 Ra8 27. Rad1 h6 28. Kh2
Qf5 29. Bf3 Nxf4 30. Bg4 1-0

[Event "53rd Groningen Open 2015"]
[Site "Groningen NED"]
[Date "2015.12.22"]
[Round "2.29"]
[White "Bhattacharjee, Sourav"]
[Black "Ernst, Michael"]
[Result "1-0"]
[WhiteElo "2067"]
[BlackElo "2177"]
[WhiteFideId "1048090"]
[BlackFideId "1618393"]
[EventDate "2015.12.21"]

1. e4 e6 2. d3 d5 3. Nd2 Nf6 4. Ngf3 b6 5. g3 dxe4 6. dxe4 Bb7 7. Bd3 Nbd7 8.
O-O Nc5 9. Qe2 Nxd3 10. cxd3 Be7 11. Nc4 O-O 12. a4 Nd7 13. Be3 Nc5 14. Bxc5
Bxc5 15. Rab1 a5 16. d4 Bb4 17. Qe3 c6 18. Rbc1 b5 19. Nce5 Qd6 20. Nd3 Ba6 21.
axb5 Bxb5 22. e5 Qd5 23. Nf4 Qd7 24. Nh5 Qe7 25. Rfd1 Rfc8 26. Ng5 Be2 27. Nf6+
gxf6 28. Ne4 fxe5 29. dxe5 Bh5 30. Nf6+ Kh8 31. Nxh5 Qf8 32. Rd7 Be7 33. Qe4
Rab8 34. Rxe7 Rb4 35. Qc2 Rxb2 36. Qxb2 Qxe7 37. Nf6 Qf8 38. Rc4 Rb8 39. Qc2 1-0

[Event "53rd Groningen Open 2015"]
[Site "Groningen NED"]
[Date "2015.12.22"]
[Round "2.30"]
[White "Henseler, Jorgen"]
[Black "Hagesather, Ellen"]
[Result "1-0"]
[BlackTitle "WIM"]
[WhiteElo "2044"]
[BlackElo "2172"]
[WhiteFideId "1023233"]
[BlackFideId "1501909"]
[EventDate "2015.12.21"]

1. c4 e5 2. Nc3 d6 3. g3 g6 4. Bg2 Bg7 5. d3 f5 6. Nf3 Nf6 7. Bg5 h6 8. Bxf6
Qxf6 9. O-O c6 10. Nd2 O-O 11. Qc2 Na6 12. Rac1 Be6 13. a3 Nc7 14. b4 Rac8 15.
Nb3 Qf7 16. Na5 Ne8 17. b5 d5 18. bxc6 bxc6 19. Na4 e4 20. Nc5 Nf6 21. Qa4 Nd7
22. Nxd7 Bxd7 23. Rb1 Rc7 24. Qc2 Be6 25. Qa4 Rfc8 26. Rfc1 h5 27. Qb4 h4 28.
Qd6 hxg3 29. hxg3 Qd7 30. Qxd7 Bxd7 31. c5 exd3 32. exd3 Re8 33. Nb7 Re2 34. Rb4
Bb2 35. Rb1 Bc3 36. Ra4 Kg7 37. Nd6 g5 38. Bf1 Rd2 39. Rc1 d4 40. Nc4 Ra2 41.
Rb1 Kf6 42. Bg2 f4 43. gxf4 gxf4 44. Nd6 Bg4 45. Ra6 Kg5 46. Rb8 Be6 47. Rxc6
Rxc6 48. Bxc6 Rxa3 49. Be4 1-0

[Event "53rd Groningen Open 2015"]
[Site "Groningen NED"]
[Date "2015.12.22"]
[Round "2.31"]
[White "Amesz, Jaap"]
[Black "Taal, Rieks"]
[Result "1-0"]
[WhiteElo "2166"]
[BlackElo "2071"]
[WhiteFideId "1007106"]
[BlackFideId "1043978"]
[EventDate "2015.12.21"]

1. e4 c5 2. Nf3 d6 3. d4 cxd4 4. Nxd4 Nf6 5. Nc3 a6 6. Bc4 e6 7. Bb3 b5 8. O-O
Be7 9. Qf3 Qc7 10. Qg3 O-O 11. Bh6 Ne8 12. Bg5 Bxg5 13. Qxg5 Nc6 14. Nd5 exd5
15. Nxc6 Qxc6 16. Bxd5 Qc5 17. b4 Qa7 18. Bxa8 Qxa8 19. f3 Qc6 20. Rfd1 Be6 21.
Qd2 f5 22. exf5 Bxf5 23. c3 Be6 24. Re1 d5 25. Qc2 Bf5 26. Qb3 Bd3 27. a4 Nf6
28. a5 Rc8 29. Re3 Bc4 30. Qd1 Re8 31. Qd4 Rxe3 32. Qxe3 Qe8 33. Qb6 Qc8 34. Re1
Kf7 35. Qd6 Qd7 36. Qxa6 d4 37. cxd4 Qxd4+ 38. Kh1 Qd2 39. Qa7+ Kg6 40. Qe3 Qxe3
41. Rxe3 Nd5 42. Ra3 Kf5 43. a6 Nb6 44. a7 Bd5 45. Ra5 Ke6 46. Ra6 1-0

[Event "53rd Groningen Open 2015"]
[Site "Groningen NED"]
[Date "2015.12.22"]
[Round "2.32"]
[White "Andersen, Alf R."]
[Black "Schweitzer, Werner"]
[Result "1-0"]
[WhiteElo "2163"]
[BlackElo "2067"]
[WhiteFideId "1503120"]
[BlackFideId "1622927"]
[EventDate "2015.12.21"]

1. d4 Nf6 2. c4 g6 3. Nc3 Bg7 4. e4 d6 5. Nge2 O-O 6. Ng3 e5 7. d5 a5 8. h4 Bg4
9. Be2 Bxe2 10. Qxe2 Qd7 11. f3 h5 12. Be3 Na6 13. O-O-O Nc5 14. Kb1 a4 15. Qd2
Rfc8 16. Nge2 Qe8 17. Rdg1 Ra6 18. Qc2 c6 19. Bxc5 dxc5 20. g4 b5 21. g5 Nh7 22.
dxc6 b4 23. Nd5 Rcxc6 24. Ng3 Kh8 25. Nf5 Bf8 26. Rh2 Qb8 27. Qe2 Qc8 28. Nfe7
Bxe7 29. Nxe7 Qe6 30. Nxc6 Qxc6 31. Rd1 Nf8 32. Rd5 Ne6 33. Rxe5 Nd4 34. Qf2 Qc7
35. f4 b3 36. a3 Kg7 37. Rh1 Qd6 38. Rd1 Rc6 39. Rd5 Qe7 40. R1xd4 cxd4 41.
Qxd4+ 1-0

[Event "53rd Groningen Open 2015"]
[Site "Groningen NED"]
[Date "2015.12.22"]
[Round "2.33"]
[White "Kasparova, Tatiana"]
[Black "Ratsma, Rosa"]
[Result "1-0"]
[WhiteTitle "WIM"]
[WhiteElo "2158"]
[BlackElo "2059"]
[WhiteFideId "13501453"]
[BlackFideId "1033662"]
[EventDate "2015.12.21"]

1. e4 c5 2. Nf3 d6 3. d4 Nf6 4. dxc5 Nxe4 5. cxd6 Nc6 6. Bd3 Nxd6 7. O-O g6 8.
c3 Bg7 9. Re1 O-O 10. Bf4 Re8 11. Bc2 e5 12. Bg5 f6 13. Bb3+ Kh8 14. Be3 Be6 15.
Na3 Nf5 16. Bxe6 Rxe6 17. Qb3 Re7 18. Bc5 Rd7 19. Rad1 b6 20. Rxd7 Qxd7 21. Rd1
Qc8 22. Bd6 e4 23. Ne1 e3 24. fxe3 Nxe3 25. Rd3 Qe8 26. Bg3 Nf5 27. Nac2 Nxg3
28. Rxg3 Qe5 29. Re3 Qc5 30. Nd3 Qh5 31. Qf7 Ne5 32. Nxe5 fxe5 33. Qd5 Rf8 34.
Ne1 Qh4 35. Nf3 Qf4 36. Qe4 Qxe4 37. Rxe4 Re8 38. Kf2 Kg8 39. Ke2 h6 40. Rc4 Kf7
41. Ke3 Re7 42. g4 g5 43. Nd2 Rd7 44. Rc6 Bf8 45. b4 Bg7 46. Nc4 Ke7 47. Nd2 Kf7
48. Ne4 Bf8 49. Ke2 Kg7 50. a4 Kf7 51. h3 Kg7 52. Ng3 Kh7 53. Nf5 e4 54. Ke3
Rd3+ 55. Kxe4 Rxh3 56. Rc7+ Kg8 57. Ke5 h5 58. gxh5 g4 59. Rc4 Rxh5 60. Rxg4+
Kf7 61. Rc4 Kg6 62. Rc6+ Kg5 63. Rc8 Bg7+ 64. Nxg7 1-0

[Event "53rd Groningen Open 2015"]
[Site "Groningen NED"]
[Date "2015.12.22"]
[Round "2.34"]
[White "Elgersma, Simon"]
[Black "Kalaiyalahan, Akshaya"]
[Result "0-1"]
[WhiteElo "2017"]
[BlackElo "2157"]
[WhiteFideId "1046101"]
[BlackFideId "422894"]
[EventDate "2015.12.21"]

1. e4 c5 2. Nf3 e6 3. d4 cxd4 4. Nxd4 Nc6 5. Nc3 Qc7 6. Be3 a6 7. Qf3 d6 8. Nxc6
Qxc6 9. Bd3 Nf6 10. O-O-O b5 11. Bg5 Be7 12. Qe2 Qc7 13. a3 Bd7 14. Rhe1 O-O 15.
e5 dxe5 16. Bxf6 Bxf6 17. Bxh7+ Kxh7 18. Qd3+ Kg8 19. Ne4 Rfd8 20. Nxf6+ gxf6
21. Qf3 Rac8 22. c3 Kg7 23. Re4 Bc6 24. Rg4+ Kf8 25. Qe3 Rxd1+ 26. Kxd1 Qd6+ 27.
Kc2 Rd8 0-1

[Event "53rd Groningen Open 2015"]
[Site "Groningen NED"]
[Date "2015.12.22"]
[Round "2.35"]
[White "Dehn, Marcus"]
[Black "Hilwerda, Jonas"]
[Result "1-0"]
[WhiteElo "2152"]
[BlackElo "2012"]
[WhiteFideId "4667093"]
[BlackFideId "1046713"]
[EventDate "2015.12.21"]

1. d4 Nf6 2. g3 g6 3. Bg2 Bg7 4. e4 d6 5. Ne2 O-O 6. O-O e5 7. Nbc3 Nc6 8. dxe5
dxe5 9. Be3 Be6 10. Nd5 Nd7 11. c4 Ne7 12. c5 c6 13. Nb4 Qa5 14. Nd3 Bc4 15.
Nec1 Rfd8 16. Qc2 Bxd3 17. Nxd3 Nf8 18. Bh3 Qc7 19. b3 h6 20. Nb2 b5 21. cxb6
axb6 22. Nc4 c5 23. a4 Nc6 24. a5 b5 25. Nb6 Nxa5 26. Nxa8 Rxa8 27. b4 1-0

[Event "53rd Groningen Open 2015"]
[Site "Groningen NED"]
[Date "2015.12.22"]
[Round "2.36"]
[White "Van Baar, Esper"]
[Black "Boer, Alef"]
[Result "0-1"]
[WhiteElo "2002"]
[BlackElo "2125"]
[WhiteFideId "1049321"]
[BlackFideId "1007122"]
[EventDate "2015.12.21"]

1. e4 Nf6 2. e5 Nd5 3. d4 d6 4. c4 Nb6 5. exd6 exd6 6. Nc3 Nc6 7. Be3 Be7 8. Nf3
Bg4 9. h3 Bh5 10. Be2 O-O 11. b3 Re8 12. O-O Bf6 13. Rc1 d5 14. c5 Nc8 15. Nh2
Bxe2 16. Nxe2 Bg5 17. Bxg5 Qxg5 18. Nf3 Qf6 19. Ng3 N8e7 20. Qd3 a6 21. Rfe1 g6
22. Re2 Kf8 23. Rce1 Ng8 24. Ne5 Nxe5 25. dxe5 Qc6 26. Rc2 h5 27. b4 Nh6 28. Ne2
Qd7 29. Nd4 c6 30. e6 Qe7 31. f3 Qf6 32. Rf2 g5 33. Rfe2 Re7 34. exf7 Rxe2 35.
Rxe2 Nxf7 36. Re6 Qh8 37. Qe3 Rb8 0-1